Sosyal Demokrasi Partisi (SODEP) (Record no. 7906)

MARC details
000 -BAŞLIK
Sabit Uzunlukta Kontrol Alanı 00820na a2200241 4500
001 - KONTROL NUMARASI
Denetim Alanı 15425
003 - KONTROL NUMARASI IDENTIFIER
Denetim Alanı MIRAKIL
005 - SON İŞLEM TARİHİ VE ZAMANI
Denetim Alanı 20181213155153.0
008 - SABİT-BOY VERİ ELEMANLARI - GENEL BİLGİLER
Sabit Uzunlukta Kontrol Alanı 161019b tu 000 0
035 ## - SİSTEM KONTROL NUMARASI
Sistem Kontrol Numarası 15425
040 ## - KATALOGLAMA KAYNAK
Orijinal Kataloglama Ajansı Milas
Kataloglama Dili tur
Metne Dönüştürmek Ajansı TR-AnCHP
041 ## - DİL KODU
Metin / Ses Parça Veya Ayrı Başlığın Dil Kodu tur
082 ## - DEWEY ONLU SINIFLANDIRMA NUMARASI
Sınıflandırma Numarası 324.172
Ürün Numarası S67s 1985
090 ## - SINIFLAMA NUMARASI
Sınıflama Numarası 324.172 S67s 1985
111 ## - ANA GİRİŞ - TOPLANTI ADI
Giriş Elemanı Olarak Toplantı Adı Veya Yargı Alanı Adı Sosyal Demokrasi Partisi (SODEP)
Toplantının Yeri Ankara
Toplantı Veya Antlaşma İmzalandığı Tarihi 1985
245 ## - BAŞLIK TABLOSU
Başlık Sosyal Demokrasi Partisi (SODEP)
Başlığın Kalan İkinci olağan küçük kongresi 12- 13- 14 -Nisan- 1985 Ankara
Sorumluluk Tablosu, Vb Sosyal Demokrasi Partisi
246 ## - UNVAN FORM VARYING
Başlık Doğru / Kısa Başlığı İkinci olağan küçük kongresi 12- 13- 14 -Nisan- 1985 Ankara
260 ## - YAYIN, DAĞITIM, VB
Yayın, Dağıtım, Vb Yeri Ankara
Yayıncı, Dağıtıcı, Vs Adı [yayl. y.]
Yayın, Dağıtım, Vb Tarihi 1985
300 ## - FİZİKSEL TANIM
Kapsam 239 s.
Boyutlar 29 sm.
610 ## - KONU KATMA GİRİŞ - TOPLANTI ADI
Giriş Elemanı Olarak Kurumsal Ad Veya Yargı Alanı Adı Sosyal Demokrasi Partisi (SODEP)
Genel Alt Bölüm Kongreler, 2
650 ## - KONU KATMA GİRİŞ - TOPİKAL DÖNEM
Topikal Süreli Veya Coğrafi Ad Giriş Elemanı Siyasal partiler
Genel Alt Bölümü Kongreler
Coğrafi Alt Bölümü Türkiye
942 ## - EKLENDİ GİRİŞ ELEMANLARI (KOHA)
Sınıflandırma Veya Raf Düzeni Kaynak Dewey Decimal Classification
Koha Öğesi Türü Books
999 ## - SİSTEM KONTROL NUMARALARI (KOHA)
Koha Biblionumber 7906
Koha Biblioitemnumber 7906
Holdings
Kalıcı Konum Mevcut Konum Edinme Tarihi Edinim Kaynak Toplam Check-Out'Lar Tam Çağrı Numarası Barkod Tarih Son Görülme İtibaren Geçerli Fiyatlar Koha Öğesi Türü
CHP Kütüphanesi CHP Kütüphanesi 09/09/2016 Bağış   324.172 S67s 1985 003414 09/09/2016 09/09/2016 Books